| 000 | 00000nam##2200000za#4500 |
| 001 | 9.643600 |
| 003 | CaOODSP |
| 005 | 20210624224237 |
| 007 | cr ||||||||||| |
| 008 | 150407|2006||||xxc|||||o f|0| 0 fre|d |
| 040 | |aCaOODSP|bfre |
| 043 | |an-cn--- |
| 086 | 1 |aH128-1/06-453F-PDF |
| 110 | 1 |aCanada.|bSanté Canada. |bSécurité des produits de consommation. |
| 245 | 10|aLignes directrices - allégations acceptables pour la publicité et l'étiquetage des cosmétiques / |h[ressource électronique]|cen collaboration avec Les normes canadiennes de la publicité. |
| 260 | |aOttawa - Ontario : |bSanté Canada. |cFévrier 2006. |
| 300 | |a26p.|btableaux |
| 500 | |aLe n° de catalogue (H128-1/06-453) et l'ISBN (0-662-49001-0) de l'édition imprimée ont été incorrectement copiés dans l'édition électronique. |
| 590 | |a14-14-Supp|b2014-07-24 |
| 691 | 07|aLignes directrices|2gcpds |
| 691 | 07|aProduit de soins personnels|2gcpds |
| 691 | 07|aPublicité|2gcpds |
| 775 | 08|tGuidelines for cosmetic advertising and labelling claims / |w(CaOODSP)9.699623 |
| 856 | 40|ahttp://publications.gc.ca|qPDF|s212 Ko|uhttps://publications.gc.ca/collections/collection_2014/sc-hc/H128-1-06-453-fra.pdf |
| 986 | |aSC Pub. : 4285 |